[Event "POL-ch Blitz U18 Girls"]
[Site "Bydgoszcz"]
[Date "2023.08.31"]
[Round "1"]
[White "Woytitzki, Sophie"]
[Black "Moczala, Maja"]
[Result "1/2-1/2"]
[WhiteElo "1187"]
[BlackElo "1603"]
[PlyCount "75"]
[EventDate "2023.08.28"]
[EventType "swiss"]
[EventRounds "9"]
[EventCountry "POL"]
[SourceTitle "EXT 2024"]
[Source "ChessBase"]
[SourceDate "2023.10.10"]
[SourceVersion "1"]
[SourceVersionDate "2023.10.10"]
[SourceQuality "1"]

1. e4 c5 2. Nf3 Nc6 3. d4 cxd4 4. Nxd4 Nf6 5. Nc3 d6 6. Bb5 Bd7 7. Bg5 e5 8. Nxc6 bxc6 9. Bc4 Rb8 10. 0-0 Rxb2 11. Bb3 Be7 12. Qc1 Rxb3 13. axb3 0-0 14. Rxa7 Qb6 15. Bxf6 Qxa7 16. Bxe7 Re8 17. Bxd6 Qd4 18. Nb5 cxb5 19. Rd1 Qxe4 20. Ba3 Bc6 21. Qg5 h6 22. Qg3 Qe2 23. Rc1 Rd8 24. h3 f6 25. b4 Rd1+ 26. Rxd1 Qxd1+ 27. Kh2 Qxc2 28. h4 Qe4 29. f3 Qe2 30. f4 exf4 31. Qh3 Kh7 32. Qf5+ g6 33. Qh3 f5 34. Bb2 Qe3 35. Qxe3 fxe3 36. Bc1 f4 37. Kg1 e2 38. Kf2 1/2-1/2

[Event "POL-ch Rapid U18 Girls"]
[Site "Bydgoszcz"]
[Date "2023.08.30"]
[Round "11"]
[White "Pawlikowska, Ewa"]
[Black "Moczala, Maja"]
[Result "0-1"]
[WhiteElo "1288"]
[BlackElo "1660"]
[PlyCount "104"]
[EventDate "2023.08.28"]
[EventType "swiss"]
[EventRounds "11"]
[EventCountry "POL"]
[SourceTitle "EXT 2024"]
[Source "ChessBase"]
[SourceDate "2023.10.10"]
[SourceVersion "1"]
[SourceVersionDate "2023.10.10"]
[SourceQuality "1"]

1. e4 c5 2. Nf3 Nc6 3. d4 cxd4 4. Nxd4 Nf6 5. Nc3 d6 6. Be3 e5 7. Nf3 h6 8. Bc4 Be7 9. h3 0-0 10. 0-0 Be6 11. Bb3 a6 12. a3 Rc8 13. Qd3 Na5 14. Nd5 Nxb3 15. Nxf6+ Bxf6 16. cxb3 Be7 17. Rac1 Qd7 18. Rfd1 Rxc1 19. Rxc1 Rc8 20. Rd1 f6 21. Nd2 Qc6 22. Nc4 Bxc4 23. bxc4 Qxc4 24. Qxc4+ Rxc4 25. f3 Kf7 26. Rd5 Ke6 27. Rd3 h5 28. Bd2 Rc2 29. Bc3 Bd8 30. Kh2 h4 31. Bb4 Bc7 32. Bc3 Bb6 33. Rd1 Bc5 34. a4 Kd7 35. Re1 Kc6 36. Rd1 b5 37. axb5+ axb5 38. Rb1 b4 39. Be1 Bf2 40. Bxb4 Bd4 41. b3 Bc3 42. Ba3 Bd2 43. Rd1 Ra2 44. Bc1 Bb4 45. Be3 Rb2 46. Rd3 Rb1 47. Bg1 Be1 48. Rd5 Bg3+ 49. Kh1 Bf2 50. Kh2 Bxg1+ 51. Kh1 Bf2+ 52. Kh2 Bg3# 0-1

[Event "POL-ch Rapid U18 Girls"]
[Site "Bydgoszcz"]
[Date "2023.08.29"]
[Round "2"]
[White "Moczala, Maja"]
[Black "Kucia, Kinga"]
[Result "1-0"]
[WhiteElo "1660"]
[BlackElo "1273"]
[PlyCount "55"]
[EventDate "2023.08.28"]
[EventType "swiss"]
[EventRounds "11"]
[EventCountry "POL"]
[SourceTitle "EXT 2024"]
[Source "ChessBase"]
[SourceDate "2023.10.10"]
[SourceVersion "1"]
[SourceVersionDate "2023.10.10"]
[SourceQuality "1"]

1. e4 c5 2. Nf3 g6 3. c3 d5 4. exd5 Qxd5 5. d4 Nc6 6. Na3 a6 7. Bc4 Qd6 8. dxc5 Qxd1+ 9. Kxd1 e6 10. Be3 Nge7 11. Nc2 Nf5 12. b4 Nxe3+ 13. fxe3 Bd7 14. Ke2 Bg7 15. Ncd4 e5 16. Nxc6 Bxc6 17. Ng5 Bb5 18. Bxb5+ axb5 19. Ne4 Bf8 20. Nf6+ Ke7 21. Nd5+ Kd8 22. Rhd1 Ra6 23. Nb6+ Ke8 24. Nd5 Rc6 25. a4 bxa4 26. Rxa4 f5 27. Ra8+ Kf7 28. Ra7 1-0

[Event "POL-ch U12 Girls"]
[Site "Uniejow"]
[Date "2021.07.20"]
[Round "2"]
[White "Moczala, Maja"]
[Black "Kicinska, Anna"]
[Result "0-1"]
[WhiteElo "1428"]
[BlackElo "1149"]
[PlyCount "120"]
[EventDate "2021.07.18"]
[EventType "swiss"]
[EventRounds "9"]
[EventCountry "POL"]
[SourceTitle "EXT 2022"]
[Source "ChessBase"]
[SourceDate "2021.10.06"]
[SourceVersion "1"]
[SourceVersionDate "2021.10.06"]
[SourceQuality "1"]

1. e4 d5 2. exd5 Qxd5 3. Nc3 Qa5 4. d4 Nf6 5. Nf3 Bf5 6. Bc4 c6 7. Bd2 Qc7 8. Ne5 e6 9. 0-0 Bd6 10. f4 0-0 11. Bd3 Bxd3 12. Nxd3 Nbd7 13. Re1 a6 14. Ne5 c5 15. Nxd7 Qxd7 16. dxc5 Bxc5+ 17. Be3 Bxe3+ 18. Rxe3 Qc7 19. Qf3 Rac8 20. Rd1 Qb6 21. Na4 Qa7 22. Kh1 Rxc2 23. Re2 Rxe2 24. Qxe2 h6 25. h3 Nd5 26. f5 Ne3 27. Qf2 Ra8 28. Rd7 Nxf5 29. Nb6 Rf8 30. Qc5 Ng3+ 31. Kh2 Ne4 32. Qc7 Qb8 33. Rxf7 Qxc7+ 34. Rxc7 Rf2 35. Na4 b5 36. Nc5 Nxc5 37. Rxc5 Rxb2 38. a4 bxa4 39. Ra5 Ra2 40. Rxa6 Kf7 41. Ra5 Kf6 42. Kg3 a3 43. Kf3 Ra1 44. Kg3 a2 45. Kf2 g5 46. Kg3 h5 47. Kf2 h4 48. Ra4 Kf5 49. Ra5+ e5 50. Ra8 e4 51. Rf8+ Kg6 52. Rg8+ Kf7 53. Ra8 e3+ 54. Kxe3 Re1+ 55. Kd2 a1Q 56. Rxa1 Rxa1 57. Ke3 Kf6 58. Kf3 Kf5 59. Ke3 Ra3+ 60. Kf2 Kf4 0-1